000 00337nam a2200121 a 4500
005 20250924104547.0
008 250923s2025##################000#0#eng##
020 _a9780521776585
_qpbk
082 0 4 _a577.0113
_bWIL
100 _aWill Wilson
245 1 0 _aSimulating Ecological And Evolutionary Systems In C
_cWill Wilson
942 _cENGLISH
999 _c589075
_d589075